00526nam a2200181 a 4500001001300000003000900013005001700022008004100039020001000080082001800090100002900108245004300137260004400180300000800224500003500232505004800267700002900315nice12345678IN_TiNIC20260116015158.0050524s1999 hyda grp 000 0 eng  ac10000a651.755bHMI1 aHenry Martyn Institute,  aMemorandum and Articles of Association aHyderabadbHenry Martyn Institutec1999 a24p aincludes index and biblioraphy2 aConclusion, Notes, Postscript, Bibliography1 aHenry Martyn Institute,